[Event "SZCZYRK OPEN - TURNIEJ Z OKAZJI SWIETA NIEPODLEGLOSCI - BLITZ 3'+2'' "]
[Site "Szczyrk"]
[Date "2018-11-11"]
[Round "7.5"]
[White "Kowalczyk, Rafal "]
[Black "Cichon, Michal "]
[Result "1-0"]
[WhiteTitle ""]
[BlackTitle ""]
[WhiteElo "2286"]
[BlackElo "2023"]

1. e4 e5 2. Nf3 Nc6 3. d4 exd4 4. Nxd4 d6 5. Nc3 Bd7 6. Bf4 Nf6 7. Qd2 Be7 8. O-O-O
O-O 9. h3 a6 10. g4 Nxd4 11. Qxd4 Be6 12. Nd5 Nxd5 13. exd5 Bf6 14. Qe3 Bd7 15.
Bd3 Re8 16. Qg3 Bg5 17. Bxg5 Qxg5+ 18. f4 Qf6 19. g5 Qd8 20. h4 f5 21. h5 Qe7
22. Rde1 Qf8 23. h6 g6 24. Qf2 Rxe1+ 25. Rxe1 Re8 26. Rxe8 Qxe8 27. Kd2 Qe7 28.
Qa7 Bc8 29. Qd4 b6 30. Qa4 a5 31. Qc6 Kf7 32. Qa8 Qd7 33. a4 Qe8 34. Qb8 Qd8 35.
Ba6 Qd7 36. Qxc8 Qe7 37. Qe6+ Qxe6 38. dxe6+ Kxe6 39. Bc4+ d5 40. Bb5 c5 41. Ke3
d4+ 42. Kd3 Kd5 43. Bc4+ Kd6 44. Bg8 Kc6 45. Bxh7 b5 46. Bxg6 Kd5 47. axb5 c4+
48. Kd2 Ke4 49. Bxf5+ Kxf4 50. h7 Kxf5 51. h8=Q 1-0

[Event "SZCZYRK OPEN - TURNIEJ Z OKAZJI SWIETA NIEPODLEGLOSCI - BLITZ 3'+2'' "]
[Site "Szczyrk"]
[Date "2018-11-11"]
[Round "7.6"]
[White "Marszalek, Maciej"]
[Black "Marczak, Szymon"]
[Result "0-1"]
[WhiteTitle ""]
[BlackTitle ""]
[WhiteElo "2259"]
[BlackElo "1880"]

1. d4 b6 2. Nf3 Bb7 3. g3 e6 4. Bg2 f5 5. O-O Nf6 6. c4 d6 7. Nc3 Be7 8. d5 exd5
9. cxd5 O-O 10. Ng5 Qd7 11. e4 fxe4 12. Bh3 Qe8 13. Ne6 Na6 14. Nxf8 Qxf8 15.
Bg5 h6 16. Bxf6 Bxf6 17. Nxe4 Bxb2 18. Be6+ Kh8 19. Rb1 Bf6 20. Qh5 Nc5 21. Nxc5
dxc5 22. Rbe1 Rd8 23. Re4 Ba6 24. Rfe1 Bd3 25. Rf4 Qe8 26. Rxf6 Qxh5 0-1

[Event "SZCZYRK OPEN - TURNIEJ Z OKAZJI SWIETA NIEPODLEGLOSCI - BLITZ 3'+2'' "]
[Site "Szczyrk"]
[Date "2018-11-11"]
[Round "7.7"]
[White "Michalski, Karol "]
[Black "Faron, Rafal "]
[Result "0-1"]
[WhiteTitle ""]
[BlackTitle ""]
[WhiteElo "2006"]
[BlackElo "2207"]

1. d4 d5 2. c4 dxc4 3. e3 e5 4. Bxc4 exd4 5. exd4 Nf6 6. Nf3 Bd6 7. O-O O-O 8.
Nc3 Nc6 9. Bg5 Bg4 10. Ne4 Be7 11. Nxf6+ Bxf6 12. Be3 Qd6 13. h3 Bh5 14. g4 Bg6
15. Qd2 Be4 16. Bf4 Qd7 17. Qe3 Bxf3 18. Qxf3 Qxd4 19. Bd5 Qb6 20. Rab1 Nd4 21.
Qd3 Rad8 22. Rfd1 Rxd5 23. Qe4 Qe6 24. Qxe6 0-1

[Event "SZCZYRK OPEN - TURNIEJ Z OKAZJI SWIETA NIEPODLEGLOSCI - BLITZ 3'+2'' "]
[Site "Szczyrk"]
[Date "2018-11-11"]
[Round "7.8"]
[White "Goluch, Piotr"]
[Black "Pieczewski, Szymon "]
[Result "1-0"]
[WhiteTitle ""]
[BlackTitle ""]
[WhiteElo "2205"]
[BlackElo "1495"]

1. d4 Nf6 2. c4 g6 3. Nc3 Bg7 4. e4 d6 5. Be2 Na6 6. Be3 O-O 7. g4 e5 8. d5 Nc5
9. f3 a6 10. g5 Nh5 11. Qd2 f5 12. h4 f4 13. Bf2 Rb8 14. b4 Nd7 15. Bd1 Nb6 16.
Bb3 Bd7 17. c5 Nc8 18. Nge2 Qe8 19. c6 Kh8 20. cxd7 Qxd7 21. Kf1 Rd8 22. Kg2 Ne7
23. a4 c6 24. Bb6 Rdc8 25. Rhd1 c5 26. bxc5 dxc5 27. d6 Nc6 28. a5 Nd4 29. Ba4
Qe6 30. Nd5 Nxf3 31. Kxf3 Qh3+ 32. Ng3 Qxg3+ 33. Ke2 f3+ 34. Kd3 f2+ 35. Kc2 c4
36. Qxf2 Qxh4 1-0

[Event "SZCZYRK OPEN - TURNIEJ Z OKAZJI SWIETA NIEPODLEGLOSCI - BLITZ 3'+2'' "]
[Site "Szczyrk"]
[Date "2018-11-11"]
[Round "7.9"]
[White "Demski, Michal "]
[Black "Duda, Lukasz "]
[Result "1-0"]
[WhiteTitle ""]
[BlackTitle ""]
[WhiteElo "1762"]
[BlackElo "2201"]

1. e4 e6 2. d4 d5 3. exd5 exd5 4. Nf3 Nf6 5. Bd3 Bd6 6. h3 h6 7. O-O O-O 8. Re1
c6 9. c3 Re8 10. Be3 Nbd7 11. Nbd2 Nf8 12. Nb3 b6 13. Rc1 Bb7 14. c4 Ne6 15. Qd2
Qe7 16. cxd5 Nxd5 17. Bc4 Bb4 18. Qe2 Bxe1 19. Rxe1 Nxe3 20. Qxe3 Kf8 21. Ne5
c5 22. dxc5 Nxc5 23. Nxc5 bxc5 24. f4 Qd6 25. Bxf7 Re7 26. Ng6+ Kxf7 27. Qxe7+
Qxe7 28. Rxe7+ Kxg6 29. Rxb7 Rd8 30. Rxa7 Rd1+ 31. Kh2 Rd2 32. Rb7 h5 33. a4 Rd4
34. b3 Rxf4 35. a5 Rf1 36. Rb5 Rf5 37. a6 Rf6 38. Ra5 Rf8 39. Rxc5 Ra8 40. Rc6+
Kf5 41. b4 Ke5 42. b5 Kd5 43. Rg6 Kc5 44. Rg5+ Kb6 45. Rxh5 g6 46. Rg5 Ka5 47.
h4 Rh8 48. g3 Rd8 49. Kh3 Rh8 50. g4 Rd8 51. h5 gxh5 52. gxh5 Rd3+ 53. Kg4 Rd4+
54. Kf3 Rd3+ 55. Ke4 Rh3 56. a7 1-0

[Event "SZCZYRK OPEN - TURNIEJ Z OKAZJI SWIETA NIEPODLEGLOSCI - BLITZ 3'+2'' "]
[Site "Szczyrk"]
[Date "2018-11-11"]
[Round "7.10"]
[White "Sroka, Janusz"]
[Black "Kietrys, Maciej"]
[Result "0-1"]
[WhiteTitle ""]
[BlackTitle ""]
[WhiteElo "2133"]
[BlackElo "1492"]

1. e4 e5 2. Nf3 Nc6 3. d3 Bc5 4. Nbd2 d6 5. c3 Nf6 6. Be2 O-O 7. O-O Be6 8. b4
Bb6 9. a4 a6 10. Ba3 Nd7 11. b5 axb5 12. axb5 Ne7 13. d4 Bg4 14. h3 Bxf3 15. Nxf3
Ng6 16. g3 Re8 17. Qc2 Qf6 18. Bb2 h5 19. h4 Qe7 20. Bd3 Qf6 21. Kg2 Ndf8 22.
Rxa8 Rxa8 23. Ra1 Re8 24. Re1 Ne6 25. d5 Nc5 26. Be2 Ne7 27. Bc1 Qg6 28. Bd3 Nxd3
29. Qxd3 f5 30. c4 Rf8 31. Bg5 fxe4 32. Rxe4 Nf5 33. Qe2 Nd4 34. Nxd4 Bxd4 35.
f4 Qf7 36. g4 hxg4 37. Qxg4 Qf5 38. Qxf5 Rxf5 39. Kf3 Bc3 40. Kg4 Rf7 41. f5 Bd4
42. Re2 Rf8 43. Ra2 Bb6 44. h5 Kh7 45. Bd2 Re8 46. Ba5 Bxa5 47. Rxa5 e4 48. Ra2
Kh6 49. Kf4 e3 50. Re2 Re7 51. Rg2 e2 52. Rg6+ Kh7 53. h6 gxh6 54. Rg1 e1=Q 0-1

[Event "SZCZYRK OPEN - TURNIEJ Z OKAZJI SWIETA NIEPODLEGLOSCI - BLITZ 3'+2'' "]
[Site "Szczyrk"]
[Date "2018-11-11"]
[Round "7.11"]
[White "Lambrecht, Tomasz"]
[Black "Korbal, Arkadiusz"]
[Result "1/2-1/2"]
[WhiteTitle ""]
[BlackTitle ""]
[WhiteElo "1343"]
[BlackElo "2099"]

1. Nf3 c5 2. c4 Nc6 3. d4 cxd4 4. Nxd4 g6 5. e4 Bg7 6. Be3 Qb6 7. Nb3 Qc7 8. Nc3
Bxc3+ 9. bxc3 Nf6 10. f3 O-O 11. Be2 d6 12. Nd4 a6 13. O-O Ne5 14. Qb3 Nfd7 15.
f4 Nc5 16. Qc2 Ng4 17. Bxg4 Bxg4 18. Nb3 Be6 19. Nxc5 dxc5 20. Qa4 b6 21. Rab1
Rfd8 22. f5 Bd7 23. Qc2 Bc6 24. Bf4 Qb7 25. Rfe1 b5 26. Bg3 Qd7 27. Rbd1 Qb7 28.
Rb1 Qc8 29. cxb5 axb5 30. c4 b4 31. Rbd1 Qa6 32. Rxd8+ Rxd8 33. Rd1 Qc8 34. Rxd8+
Qxd8 35. h3 Qd4+ 36. Bf2 Qxe4 37. Qxe4 Bxe4 38. fxg6 hxg6 39. Bxc5 Bd3 40. Bxe7
Bxc4 41. Bxb4 Bxa2 42. Bc3 f5 43. Kf2 Kf7 44. Kg3 g5 45. Bd2 Kf6 46. h4 f4+ 47.
Bxf4 gxf4+ 48. Kxf4 Kg6 49. g4 Be6 50. g5 Bd7 1/2-1/2

[Event "SZCZYRK OPEN - TURNIEJ Z OKAZJI SWIETA NIEPODLEGLOSCI - BLITZ 3'+2'' "]
[Site "Szczyrk"]
[Date "2018-11-11"]
[Round "7.12"]
[White "Chylewski, Patryk"]
[Black "Galuszka, Tomasz "]
[Result "1-0"]
[WhiteTitle ""]
[BlackTitle ""]
[WhiteElo "2097"]
[BlackElo "1787"]

1. d4 d5 2. c4 c6 3. cxd5 cxd5 4. Bf4 Nc6 5. e3 Nf6 6. Nc3 a6 7. Bd3 Bg4 8. Nge2
e6 9. O-O Bd6 10. f3 Bh5 11. Rc1 O-O 12. Na4 Bg6 13. Bxd6 Qxd6 14. Nf4 Nd7 15.
Nxg6 hxg6 16. Qb3 b5 17. Nc5 Na5 18. Qb4 Nc4 19. Rfe1 Nxc5 20. dxc5 Qb8 21. b3
a5 22. Qc3 Ne5 23. Bf1 Nc6 24. Rcd1 Qb7 25. g3 Rfd8 26. f4 b4 27. Qb2 Qa7 28.
Rc1 Rac8 29. Red1 Nb8 30. Qd4 Na6 31. Rc2 Rc7 32. Rdc1 Rdc8 33. c6 Qxd4 34. exd4
Nb8 35. Bb5 Kf8 36. Rc5 Ke7 37. Ba4 Kd6 38. Rxa5 Nxc6 39. Ra6 Kd7 40. Kf2 Kd6
41. Ke3 f6 42. Rc2 Kd7 43. Kd3 Kd6 44. Kd2 Kd7 45. Kc1 Kd6 46. Kb2 g5 47. fxg5
fxg5 48. a3 bxa3+ 49. Kxa3 Kd7 50. b4 g6 51. Rc1 1-0

[Event "SZCZYRK OPEN - TURNIEJ Z OKAZJI SWIETA NIEPODLEGLOSCI - BLITZ 3'+2'' "]
[Site "Szczyrk"]
[Date "2018-11-11"]
[Round "7.13"]
[White "Dziodzio, Angelika "]
[Black "Panek, Bartosz "]
[Result "1-0"]
[WhiteTitle ""]
[BlackTitle ""]
[WhiteElo "2018"]
[BlackElo "1478"]

1. e4 c5 2. Nf3 e6 3. c4 Nc6 4. Nc3 Nf6 5. Be2 Be7 6. O-O O-O 7. d4 cxd4 8. Nxd4
Qc7 9. Be3 a6 10. Rc1 Bb4 11. f3 Rd8 12. Nd5 exd5 13. cxd5 Qb8 14. dxc6 dxc6 15.
Qb3 Bd6 16. h3 Bh2+ 17. Kh1 Bf4 18. Bc4 Rf8 19. Ne2 Nh5 20. Bc5 Bd6 21. Bxd6 Qxd6
22. f4 g6 23. e5 Qe7 24. Qf3 Ng7 25. Ng3 Be6 26. Ne4 Bxc4 27. Rxc4 Rfd8 28. Nd6
Ne8 29. Ne4 Ng7 30. Rc3 Nf5 31. Nf6+ Kg7 32. Qg4 Kh8 33. h4 Rd4 34. h5 Qf8 35.
Rh3 Qg7 36. hxg6 h6 37. Qxf5 fxg6 38. Qg4 Rf8 39. Qh4 h5 40. Qg5 Rf7 41. Rxh5+
gxh5 42. Qxh5+ Qh7 43. Qxh7+ Rxh7+ 1-0

[Event "SZCZYRK OPEN - TURNIEJ Z OKAZJI SWIETA NIEPODLEGLOSCI - BLITZ 3'+2'' "]
[Site "Szczyrk"]
[Date "2018-11-11"]
[Round "7.14"]
[White "Szydlowska-duda, Marta "]
[Black "Sandomierski, Cyprian"]
[Result "1-0"]
[WhiteTitle ""]
[BlackTitle ""]
[WhiteElo "1986"]
[BlackElo "1472"]

1. d4 Nf6 2. Nf3 e6 3. Bf4 d5 4. e3 c5 5. c3 Nc6 6. Bd3 b6 7. Nbd2 Bb7 8. Qe2 c4
9. Bc2 Bd6 10. Bg3 O-O 11. Ne5 Qc7 12. Ndf3 Nd7 13. Bxh7+ Kh8 14. Nxd7 Qxd7 15.
Bc2 Ne7 16. Ne5 g6 17. Nxd7 1-0

[Event "SZCZYRK OPEN - TURNIEJ Z OKAZJI SWIETA NIEPODLEGLOSCI - BLITZ 3'+2'' "]
[Site "Szczyrk"]
[Date "2018-11-11"]
[Round "7.15"]
[White "Zamarska, Sylwia "]
[Black "Krol, Rafal"]
[Result "0-1"]
[WhiteTitle ""]
[BlackTitle ""]
[WhiteElo "1552"]
[BlackElo "1926"]

1. d4 Nf6 2. Nf3 e6 3. Bf4 d5 4. e3 c5 5. c3 Nc6 6. Bd3 Be7 7. Nbd2 O-O 8. Ne5
Nd7 9. Ndf3 Ndxe5 10. Nxe5 Nxe5 11. Bxe5 Bd6 12. Bxd6 Qxd6 13. O-O e5 14. dxe5
Qxe5 15. Qf3 Bd7 16. Rfd1 Bc6 17. Qg3 Qf6 18. Be2 Rad8 19. Bf3 Rfe8 20. Rd2 d4
21. Bxc6 bxc6 22. cxd4 cxd4 23. exd4 Rxd4 24. Qc3 Rxd2 25. Qxd2 Rd8 26. Qe2 Qd4
27. Re1 h6 28. h3 Rb8 29. b3 Rd8 30. Qe3 Qxe3 31. Rxe3 Rd1+ 32. Kh2 Rd2 33. Re8+
Kh7 34. f3 Rxa2 35. Re7 Kg6 36. Rc7 Ra6 37. Kg3 Rb6 38. Kf4 f6 39. Rxa7 Rb4+ 40.
Kg3 Rxb3 41. Ra4 Rb7 42. Kf4 c5 43. Ra2 c4 44. Ke3 Rc7 45. Kd4 c3 46. Rc2 Kf5
47. g3 h5 48. Re2 c2 49. g4+ hxg4 50. fxg4+ Kf4 51. Rf2+ Kg3 52. Rf1 c1=Q 0-1

[Event "SZCZYRK OPEN - TURNIEJ Z OKAZJI SWIETA NIEPODLEGLOSCI - BLITZ 3'+2'' "]
[Site "Szczyrk"]
[Date "2018-11-11"]
[Round "7.16"]
[White "Para, Tomasz "]
[Black "Turowski, Maciej "]
[Result "1-0"]
[WhiteTitle ""]
[BlackTitle ""]
[WhiteElo "1896"]
[BlackElo "1322"]

1. e4 Nf6 2. Nc3 d5 3. exd5 Nxd5 4. Nxd5 Qxd5 5. Nf3 Bg4 6. Be2 Nc6 7. d3 O-O-O
8. h3 Bh5 9. O-O e5 10. Be3 h6 11. Nd2 Bxe2 12. Qxe2 Kb8 13. Nb3 g5 14. Rfe1 f5
15. Bd2 Bg7 16. Bc3 h5 17. Qf3 Qxf3 18. gxf3 Rhe8 19. Rad1 Bf8 20. Bd2 f4 21.
Bc3 Bb4 22. Nd2 Bxc3 23. bxc3 Rd7 24. Ne4 Rg7 25. Kh2 Reg8 26. Nf6 Rf8 27. Nxh5
Rh8 28. Nf6 Rg6 29. Ng4 Rg7 30. Nxe5 Nxe5 31. Rxe5 Rgh7 32. Kg2 Rxh3 33. Kf1 R3h5
34. Ke2 Kc8 35. Rb1 Rg8 36. Rbb5 c6 37. Rb4 Rh2 38. Rbe4 Kc7 39. Re7+ Kb6 40.
Rd7 Rg2 41. Ree7 Rb8 42. Rg7 Ka5 43. Rdf7 a6 44. Rxf4 Rh2 45. Rxg5+ b5 46. a4
Rc8 47. axb5 cxb5 48. c4 Kb4 49. cxb5+ Ka3 50. bxa6 Rxc2+ 51. Ke3 Rhxf2 52. a7
Rfe2+ 53. Kd4 Rc8 54. Ra5+ Kb4 55. a8=Q Rxa8 56. Rxa8 Kb5 57. Kc3 1-0

[Event "SZCZYRK OPEN - TURNIEJ Z OKAZJI SWIETA NIEPODLEGLOSCI - BLITZ 3'+2'' "]
[Site "Szczyrk"]
[Date "2018-11-11"]
[Round "7.17"]
[White "Orzechowski, Michal"]
[Black "Kaminski, Maciej "]
[Result "0-1"]
[WhiteTitle ""]
[BlackTitle ""]
[WhiteElo "1519"]
[BlackElo "1876"]

1. d4 Nf6 2. c4 e6 3. Nc3 Bb4 4. Nf3 c5 5. e3 Nc6 6. Qc2 cxd4 7. Nxd4 Nxd4 8. exd4
O-O 9. Bg5 Be7 10. Bd3 h6 11. Bh4 d5 12. cxd5 Nxd5 13. Bxe7 Nxe7 14. Rd1 b6 15.
O-O Bb7 16. Be4 Nd5 17. Rfe1 Rc8 18. Qb3 Nxc3 19. bxc3 Bxe4 20. Rxe4 Qc7 21. Rc1
Qc4 22. f3 Rfd8 23. Kf2 Qd3 24. Qc2 Qxc2+ 25. Rxc2 Rc4 26. f4 b5 27. a3 a5 28.
g4 Rdc8 29. Re3 Rxd4 30. cxd4 Rxc2+ 31. Kg3 b4 32. axb4 axb4 33. Rb3 Rc3+ 34.
Rxc3 bxc3 0-1

[Event "SZCZYRK OPEN - TURNIEJ Z OKAZJI SWIETA NIEPODLEGLOSCI - BLITZ 3'+2'' "]
[Site "Szczyrk"]
[Date "2018-11-11"]
[Round "7.18"]
[White "Ulrych, Wojciech "]
[Black "Majdanski, Maksymilian "]
[Result "1-0"]
[WhiteTitle ""]
[BlackTitle ""]
[WhiteElo "1867"]
[BlackElo "1393"]

1. e4 c5 2. Nc3 Nc6 3. g3 g6 4. Bg2 Bg7 5. Nge2 d6 6. d3 Rb8 7. O-O b5 8. f4 e6
9. Be3 b4 10. Na4 Qa5 11. c3 bxc3 12. Nexc3 Nge7 13. g4 Bd4 14. Qd2 Ba6 15. Rab1
Nb4 16. Rfd1 Bxd3 17. a3 Bxb1 18. axb4 Rxb4 19. Rxb1 Bxe3+ 20. Qxe3 Rxa4 21. Nxa4
Qxa4 22. Qc3 O-O 23. Qf6 Qd4+ 24. Qxd4 cxd4 25. e5 d5 26. Ra1 Nc6 27. Bf1 Rb8
28. Ra2 a5 29. Bd3 Rb3 30. Bc2 Rf3 31. f5 gxf5 32. gxf5 exf5 33. Kg2 Re3 34. Ba4
Nxe5 35. Bd1 Nc4 36. b3 Nd6 37. Rxa5 d3 38. Rxd5 Ne4 39. Bf3 Nc3 40. Rd8+ Kg7
41. b4 d2 42. Rxd2 Re5 43. Rc2 Nd5 44. Rc5 Nf4+ 45. Kg3 Rxc5 46. bxc5 Ne6 47.
c6 Kf6 48. Kf2 Ke5 49. Ke3 Kd6 50. h4 f4+ 51. Kd3 f5 52. Kc4 Nc7 53. Kd4 Ne6+
54. Kc4 h6 55. Kb5 Nd4+ 56. Kb6 Ne6 57. Kb7 Nc5+ 58. Kb8 Ne6 59. Kb7 Nd8+ 60.
Kb6 Ne6 61. h5 Nd8 62. c7 Kd7 63. cxd8=Q+ Kxd8 64. Kc6 Ke7 65. Kd5 Kf6 66. Kd6
Kg5 67. Ke5 Kh4 68. Kxf4 Kh3 69. Kxf5 Kg3 70. Kg6 Kxf3 71. Kxh6 1-0

[Event "SZCZYRK OPEN - TURNIEJ Z OKAZJI SWIETA NIEPODLEGLOSCI - BLITZ 3'+2'' "]
[Site "Szczyrk"]
[Date "2018-11-11"]
[Round "7.19"]
[White "Foltyn, Lukasz "]
[Black "Marciniak, Leonard "]
[Result "1-0"]
[WhiteTitle ""]
[BlackTitle ""]
[WhiteElo "1854"]
[BlackElo "1458"]

1. e4 d6 2. d4 e5 3. Nf3 exd4 4. Nxd4 Nc6 5. Bb5 Bd7 6. O-O Nge7 7. Nc3 a6 8. Be2
Nxd4 9. Qxd4 Nc6 10. Qe3 Be7 11. Nd5 Be6 12. c3 O-O 13. Nxe7+ Qxe7 14. Qg3 Kh8
15. f4 f5 16. Bd3 d5 17. e5 Nd8 18. Be3 c5 19. Kh1 Nc6 20. Rad1 b5 21. Bb1 b4
22. Qf2 Qf7 23. Bxc5 Rfb8 24. cxb4 Nxb4 25. a3 Nc6 26. Bd6 Rb7 27. b4 Qd7 28.
Rc1 Nd8 29. Bd3 Nf7 30. Bc5 a5 31. b5 g6 32. a4 Nd8 33. Bd4 Rc8 34. Qd2 Rxc1 35.
Rxc1 Rc7 36. h3 Rxc1+ 37. Qxc1 Qc8 38. Qxc8 Bxc8 39. e6+ Kg8 40. e7 1-0

[Event "SZCZYRK OPEN - TURNIEJ Z OKAZJI SWIETA NIEPODLEGLOSCI - BLITZ 3'+2'' "]
[Site "Szczyrk"]
[Date "2018-11-11"]
[Round "7.20"]
[White "Krasniewski, Szymon"]
[Black "Lesniak, Grzegorz"]
[Result "1/2-1/2"]
[WhiteTitle ""]
[BlackTitle ""]
[WhiteElo "1293"]
[BlackElo "1849"]

1. e4 e5 2. f4 d5 3. exd5 c6 4. dxc6 Nxc6 5. Bb5 exf4 6. Nf3 Bc5 7. d4 Be7 8. d5
Nf6 9. dxc6 O-O 10. O-O Qb6+ 11. Kh1 Qxb5 12. Nc3 Qxc6 13. Bxf4 Bg4 14. Qe2 Rfe8
15. Qb5 Nh5 16. Qxc6 bxc6 17. Bg3 Nxg3+ 18. hxg3 Rab8 19. Ne5 Bh5 20. Nxc6 Rb6
21. Nxe7+ Rxe7 22. Rae1 Rxe1 23. Rxe1 f6 24. b3 Bg6 25. Re7 Ra6 26. Re2 Rc6 27.
Nb5 a6 28. Nd4 Rd6 29. c3 a5 30. a3 Bf7 31. b4 Bc4 32. Re3 axb4 33. axb4 g5 34.
g4 Ra6 35. Kh2 Ra2 36. Kg3 Bd5 37. Re2 Ra3 38. Re3 Ra2 39. Nf3 Rc2 40. Rd3 Bc4
41. Re3 1/2-1/2

[Event "SZCZYRK OPEN - TURNIEJ Z OKAZJI SWIETA NIEPODLEGLOSCI - BLITZ 3'+2'' "]
[Site "Szczyrk"]
[Date "2018-11-11"]
[Round "7.21"]
[White "Drozniak, Stanislaw"]
[Black "Pisarek, Jan "]
[Result "1-0"]
[WhiteTitle ""]
[BlackTitle ""]
[WhiteElo "1799"]
[BlackElo "1256"]

1. e4 c5 2. Nf3 d6 3. Bb5+ Bd7 4. Bxd7+ Qxd7 5. c4 Nc6 6. d4 cxd4 7. Nxd4 Nf6 8.
Nc3 g6 9. f3 Bg7 10. Be3 O-O 11. O-O Rac8 12. b3 a6 13. Rc1 Rfd8 14. Nxc6 Rxc6
15. Qd3 Rcc8 16. Rfd1 Qc6 17. Kh1 Nd7 18. Nd5 Kf8 19. Bg5 Re8 20. Be3 Nc5 21.
Qe2 h5 22. Qd2 Kg8 23. Bh6 Kh7 24. Bg5 Bf8 25. Qf4 f6 26. Bxf6 exf6 27. Nxf6+
Kg7 28. Nxe8+ Rxe8 29. Rd5 Ne6 30. Qe3 Qd7 31. Qc3+ Kh7 32. e5 Qc7 33. exd6 Bxd6
34. Rcd1 Be7 35. Qe3 Qc6 36. Rd7 Ng5 37. Qxg5 1-0

[Event "SZCZYRK OPEN - TURNIEJ Z OKAZJI SWIETA NIEPODLEGLOSCI - BLITZ 3'+2'' "]
[Site "Szczyrk"]
[Date "2018-11-11"]
[Round "7.22"]
[White "Namyslak, Piotr"]
[Black "Kordela, Monika"]
[Result "1-0"]
[WhiteTitle ""]
[BlackTitle ""]
[WhiteElo "1794"]
[BlackElo "1451"]

1. c4 g6 2. Nc3 Bg7 3. g3 e5 4. Bg2 f5 5. e4 d6 6. d3 Nf6 7. f4 O-O 8. Nf3 Nc6
9. O-O a6 10. Nd5 fxe4 11. Nxf6+ Rxf6 12. dxe4 Bg4 13. fxe5 Nxe5 14. Qd5+ Be6
15. Qxb7 Nxc4 16. Bg5 Rb8 17. Bxf6 Bxf6 18. Qc6 Ne3 19. Rf2 Nxg2 20. Kxg2 Bxb2
21. Rb1 Bg7 22. Rxb8 Qxb8 23. Qxa6 h6 24. Qc6 Bxa2 25. Rxa2 1-0

[Event "SZCZYRK OPEN - TURNIEJ Z OKAZJI SWIETA NIEPODLEGLOSCI - BLITZ 3'+2'' "]
[Site "Szczyrk"]
[Date "2018-11-11"]
[Round "7.23"]
[White "Ochenduszko, Bartosz "]
[Black "Dytman, Radoslaw "]
[Result "0-1"]
[WhiteTitle ""]
[BlackTitle ""]
[WhiteElo "1453"]
[BlackElo "1786"]

1. d4 d6 2. c4 e5 3. dxe5 dxe5 4. Qxd8+ Kxd8 5. Nf3 f6 6. e4 Be6 7. Be3 c6 8. Be2
Kc7 9. O-O Nd7 10. a4 a5 11. Nbd2 Bc5 12. Rfd1 Bxe3 13. fxe3 Nc5 14. Ra3 Nh6 15.
Nb3 Nxe4 16. Nfd2 Nxd2 17. Rxd2 b6 18. Nc1 Rad8 19. Rad3 Rxd3 20. Nxd3 Bxc4 21.
Nc5 Bxe2 22. Ne6+ Kc8 23. Rxe2 Rg8 24. Rd2 Nf5 25. e4 Nd4 26. Nxd4 exd4 27. Rxd4
Rd8 28. Rc4 Kc7 29. Rc2 Rd4 30. Re2 Rxa4 31. e5 fxe5 32. Rxe5 Kd6 33. Re8 Rf4
34. Rb8 Kc5 35. Rg8 Rf7 36. g3 Kb4 37. Rd8 c5 38. Rd2 b5 39. Kg2 c4 40. g4 c3
41. bxc3+ Kxc3 42. Rd8 a4 43. h3 0-1

[Event "SZCZYRK OPEN - TURNIEJ Z OKAZJI SWIETA NIEPODLEGLOSCI - BLITZ 3'+2'' "]
[Site "Szczyrk"]
[Date "2018-11-11"]
[Round "7.24"]
[White "Ochalik, Filip "]
[Black "Temel, Jan "]
[Result "0-1"]
[WhiteTitle ""]
[BlackTitle ""]
[WhiteElo "1247"]
[BlackElo "1762"]

1. d4 Nf6 2. c4 b6 3. Nc3 Bb7 4. Bg5 d6 5. e3 Nbd7 6. Nf3 e5 7. d5 Be7 8. Bxf6
Nxf6 9. Bd3 O-O 10. O-O Nd7 11. Qc2 g6 12. a3 f5 13. e4 Nc5 14. exf5 Nxd3 15.
Qxd3 gxf5 16. Qe2 Kh8 17. Kh1 Rg8 18. Rg1 Qe8 19. Rae1 a6 20. Nd1 Rg6 21. Nd4
Qf7 22. Ne6 c6 23. Nc3 cxd5 24. cxd5 Rc8 25. Qe3 Rc4 26. Qxb6 Bf8 27. Nd8 Qc7
28. Qxb7 Qxd8 29. Qxa6 Rh4 30. Nb5 Rxh2+ 0-1

[Event "SZCZYRK OPEN - TURNIEJ Z OKAZJI SWIETA NIEPODLEGLOSCI - BLITZ 3'+2'' "]
[Site "Szczyrk"]
[Date "2018-11-11"]
[Round "7.25"]
[White "Starosciak, Szymon "]
[Black "Fic, Wieslaw "]
[Result "0-1"]
[WhiteTitle ""]
[BlackTitle ""]
[WhiteElo "1233"]
[BlackElo "1759"]

1. e4 c5 2. Nf3 d6 3. d4 cxd4 4. Nxd4 Nf6 5. Nc3 g6 6. Be3 Bg7 7. f3 O-O 8. Qd2
Nc6 9. O-O-O Nxd4 10. Bxd4 Be6 11. g4 Qa5 12. Kb1 Rfc8 13. Nd5 Qxd2 14. Nxf6+
Bxf6 15. Rxd2 Bxd4 16. Rxd4 Rc5 17. Rd2 Rac8 18. Bd3 Kg7 19. h4 Kf6 20. h5 g5
21. e5+ Rxe5 22. Bxh7 Re3 23. Be4 b6 24. Kc1 Bxg4 25. fxg4 Rxe4 26. Rg2 Rh8 27.
Rd1 Ke5 28. Kb1 f5 29. b3 Rxh5 30. gxf5 Kxf5 31. c4 Re5 32. Rd5 Ke6 33. Rf2 0-1

[Event "SZCZYRK OPEN - TURNIEJ Z OKAZJI SWIETA NIEPODLEGLOSCI - BLITZ 3'+2'' "]
[Site "Szczyrk"]
[Date "2018-11-11"]
[Round "7.26"]
[White "Hasinski, Krystian "]
[Black "Wiszniewski, Szymon"]
[Result "1-0"]
[WhiteTitle ""]
[BlackTitle ""]
[WhiteElo "1742"]
[BlackElo "1395"]

1. d4 Nf6 2. c4 g6 3. Nc3 Bg7 4. e4 d6 5. f3 O-O 6. Nge2 Nc6 7. Be3 e5 8. d5 Ne7
9. Ng3 Ne8 10. Qd2 f5 11. exf5 gxf5 12. Bg5 f4 13. Nh5 Bh8 14. Ne4 Rf5 15. h4
h6 16. Bxe7 Qxe7 17. g4 fxg3 18. Nhxg3 Rxf3 19. O-O-O Bg7 20. Be2 Rf4 21. Bd3
Nf6 22. Nxf6+ Rxf6 23. Nh5 Rf7 24. Rdg1 Kh8 25. Rxg7 Rxg7 26. Qxh6+ Kg8 27. Nf6+
Kf7 28. Rf1 Bh3 29. Rf2 Rg1+ 30. Kd2 Rg6 31. Ng8+ Kxg8 32. Qxg6+ Qg7 33. Qe6+
Kh8 34. Qxh3 Qh6+ 35. Kc2 Rg8 36. Qf3 Qxh4 37. Qf6+ Qxf6 38. Rxf6 Rg2+ 39. Kc3
Kg7 40. Re6 Kf7 41. Rh6 Rg7 42. a4 Kg8 43. a5 Rg3 44. Kc2 Rg2+ 45. Kb3 Rg3 46.
Kc2 Rg2+ 47. Kc1 Rg1+ 48. Kc2 Rg2+ 49. Kb1 Rg1+ 50. Ka2 Kg7 51. Rh2 Rg3 52. Bc2
Rg4 53. b3 Rd4 54. Kb2 e4 55. Kc3 c5 56. dxc6 bxc6 57. Kxd4 c5+ 58. Kxe4 d5+ 1-0

[Event "SZCZYRK OPEN - TURNIEJ Z OKAZJI SWIETA NIEPODLEGLOSCI - BLITZ 3'+2'' "]
[Site "Szczyrk"]
[Date "2018-11-11"]
[Round "7.27"]
[White "Chaczynski, Kamil"]
[Black "Dylag, Emilia"]
[Result "0-1"]
[WhiteTitle ""]
[BlackTitle ""]
[WhiteElo "1486"]
[BlackElo "1668"]

1. Nf3 Nf6 2. c4 g6 3. Nc3 Bg7 4. g3 O-O 5. Bg2 d6 6. O-O e5 7. d4 exd4 8. Nxd4
c6 9. Bg5 h6 10. Bf4 Nh5 11. Be3 Nd7 12. Rc1 Ne5 13. Qb3 Ng4 14. Nd1 Nxe3 15.
fxe3 Nf6 16. Nxc6 bxc6 17. Bxc6 Bh3 18. Bxa8 Bxf1 19. Bf3 Bh3 20. Nf2 Be6 21.
Qd3 Qb6 22. b3 Re8 23. Rd1 Bf8 24. Ne4 Nxe4 25. Bxe4 Bf5 26. Bxf5 gxf5 27. Qd4
Qxd4 28. Rxd4 Rxe3 29. Kf2 Re8 30. Rf4 Re5 31. Kf3 Be7 32. Rd4 Kf8 33. a3 Ke8
34. b4 Kd7 35. h4 Kc6 36. Rd3 Re4 37. Rc3 Bf6 38. Rc2 Bd4 39. Kg2 Re3 40. a4 Be5
41. b5+ Kc5 42. Rd2 Rxg3+ 43. Kf2 Rc3 44. Rd5+ Kb6 0-1

[Event "SZCZYRK OPEN - TURNIEJ Z OKAZJI SWIETA NIEPODLEGLOSCI - BLITZ 3'+2'' "]
[Site "Szczyrk"]
[Date "2018-11-11"]
[Round "7.28"]
[White "Kania, Pawel "]
[Black "Krzywicki, Michal"]
[Result "1-0"]
[WhiteTitle ""]
[BlackTitle ""]
[WhiteElo "1644"]
[BlackElo "1306"]

1. e4 c5 2. Nc3 Nc6 3. f4 g6 4. Nf3 Bg7 5. Bb5 d6 6. Bxc6+ bxc6 7. O-O d5 8. d3
Nf6 9. Ne5 Qb6 10. Qf3 c4+ 11. Kh1 cxd3 12. cxd3 e6 13. Rb1 O-O 14. Bd2 Nd7 15.
Ng4 Qc7 16. e5 Nb6 17. Rfc1 Bb7 18. Nb5 Qd7 1-0

[Event "SZCZYRK OPEN - TURNIEJ Z OKAZJI SWIETA NIEPODLEGLOSCI - BLITZ 3'+2'' "]
[Site "Szczyrk"]
[Date "2018-11-11"]
[Round "7.29"]
[White "Krupinski, Mikolaj "]
[Black "Kukula, Karol"]
[Result "0-1"]
[WhiteTitle ""]
[BlackTitle ""]
[WhiteElo "1414"]
[BlackElo "1644"]

1. e4 c5 2. Nc3 a6 3. g3 b5 4. Bg2 Bb7 5. d3 g6 6. f4 Bg7 7. Nf3 e6 8. Be3 Qc7
9. O-O Ne7 10. d4 cxd4 11. Bxd4 O-O 12. Bxg7 Kxg7 13. Qd4+ Kg8 14. Rad1 d5 15.
exd5 Nxd5 16. Ne5 Nxc3 17. Bxb7 Qxb7 18. Qxc3 Rc8 19. Qb3 Nc6 20. Ng4 Qa7+ 21.
Kg2 Nd4 22. Qe3 Rxc2+ 23. Kh3 Nf5 24. Rd8+ Rxd8 25. Qxa7 Rxb2 26. Qc7 Rbd2 27.
Ne5 Rf8 28. Qb7 Rxa2 29. g4 Ng7 30. g5 Nf5 31. Ng4 Ra3+ 32. Kg2 Ra2+ 33. Kh1 Kg7
34. h3 Ra3 35. Kg2 Nh4+ 36. Kh2 Nf5 37. Rf3 Ra2+ 38. Kh1 Ra1+ 39. Kh2 Ra2+ 40.
Kg1 Nh4 41. Rf2 Ra1+ 42. Kh2 Nf5 43. Nh6 Nxh6 44. gxh6+ Kxh6 45. Qe7 Kg7 46. Qg5
Re1 47. Qc5 Rd1 48. Qc3+ Kg8 49. f5 exf5 50. Qf6 Rdd8 51. Rg2 Rb8 52. Qxf5 b4
53. Qf6 b3 54. h4 Rfe8 55. h5 Re6 56. Qb2 Rb5 57. hxg6 hxg6 58. Kg1 Re1+ 59. Kf2
Re6 60. Rh2 Rf5+ 61. Kg1 Rg5+ 62. Kf2 Rf5+ 63. Kg3 Rg5+ 64. Kf4 Rf5+ 65. Kg4 Re4+
66. Kg3 Re3+ 67. Kg2 Rh5 68. Rxh5 gxh5 69. Kf2 Rh3 70. Kg1 h4 71. Qg2+ Rg3 72.
Qxg3+ hxg3 73. Kg2 b2 74. Kxg3 b1=Q 75. Kh4 Qg1 76. Kh3 Kg7 77. Kh4 Kf6 78. Kh3
Kf5 79. Kh4 Qg4# 0-1